Kann man das Bei Amazon Kaufen - Statistiken

Allgemein
  • Dieses Quiz wurde 62 mal gespielt
  • Das Durchschnittsergebnis liegt bei 6 aus 11
Antwortstatistiken
Frage Antwort % Korrekt
Weihnachtsbaumspitze mit Baby Yoda Kann man
95%
Weihnachtsmannmütze mit Lautsprecher Kann man
93%
Eiffelturm-Kostüm Kann man
84%
Fernseher in Herzform Kann man nicht
78%
Ein Plüsch Markus Söder Kann man nicht
64%
Mehrfachstecker mit 50 Anschlüssen(240 Volt Stecker, also nicht USB usw.) Kann man nicht
52%
Leere Streichholzschachtel Kann man
48%
Hello Kitty Rollator Kann man nicht
28%
Leuchtende Unterhose Kann man nicht
22%
3 Socken Kann man nicht
14%
Klopapier mit Schalke Flagge Kann man nicht
14%
Keine übereinstimmenden Quizze gefunden
Verteilung der Resultate
Anzahl Personen mit jedem Resultat
Perzentil nach korrekt beantworteten Fragen
Ihre Resultats-Entwicklung
Sie haben dieses Quiz noch nicht gespielt